[Event "Parana-chT 54th"]
[Site "Parana"]
[Date "2011.11.17"]
[Round "4"]
[White "Ginzburg, Maximiliano"]
[Black "Ar, Luiz Carlos Patriar"]
[Result "1/2-1/2"]
[WhiteElo "2381"]
[BlackElo "2291"]
[PlyCount "47"]
[EventDate "2011.11.14"]
[EventType "team-swiss"]
[EventRounds "7"]
[EventCountry "BRA"]
[SourceTitle "EXT 2013"]
[Source "ChessBase"]
[SourceDate "2012.11.22"]
[SourceVersion "1"]
[SourceVersionDate "2012.11.22"]
[SourceQuality "1"]
[WhiteTeam "Cascavel"]
[BlackTeam "Maringa"]
[WhiteTeamCountry "BRA"]
[BlackTeamCountry "BRA"]

1. e4 d5 2. exd5 Qxd5 3. Nc3 Qd6 4. g3 Nf6 5. h3 Nc6 6. Bg2 a6 7. Nf3 e6 8. 0-0 Be7 9. d4 0-0 10. Bf4 Qd8 11. Ne5 Bd7 12. g4 Be8 13. Be3 Nd5 14. Nxd5 exd5 15. f4 f6 16. Nd3 Bf7 17. c3 Re8 18. f5 Bd6 19. Qd2 Na7 20. Nc5 Qc8 21. Bf4 Bxf4 22. Qxf4 b6 23. Nd3 Qd7 24. Rae1 1/2-1/2

[Event "Parana-chT 54th"]
[Site "Parana"]
[Date "2011.11.15"]
[Round "2"]
[White "Caetano, Hugo Zanotti Mendon"]
[Black "Ar, Luiz Carlos Patriar"]
[Result "1/2-1/2"]
[WhiteElo "2017"]
[BlackElo "2291"]
[PlyCount "81"]
[EventDate "2011.11.14"]
[EventType "team-swiss"]
[EventRounds "7"]
[EventCountry "BRA"]
[SourceTitle "EXT 2013"]
[Source "ChessBase"]
[SourceDate "2012.11.22"]
[SourceVersion "1"]
[SourceVersionDate "2012.11.22"]
[SourceQuality "1"]
[WhiteTeam "Foz do Iguacu"]
[BlackTeam "Maringa"]
[WhiteTeamCountry "BRA"]
[BlackTeamCountry "BRA"]

1. d4 Nf6 2. c4 e6 3. Nf3 d5 4. Nc3 Nbd7 5. Bg5 h6 6. Bh4 Be7 7. cxd5 exd5 8. Rc1 c6 9. e3 0-0 10. Bd3 Ne4 11. Bxe7 Qxe7 12. Bxe4 dxe4 13. Nd2 f5 14. 0-0 Nb6 15. Qe2 Be6 16. b3 Nd5 17. Nc4 Nxc3 18. Rxc3 Bxc4 19. bxc4 Rad8 20. Rd1 Rd7 21. Rc2 Rfd8 22. Rcd2 Qf7 23. g3 b6 24. Rc2 Kh7 25. Rf1 g6 26. a4 Rb7 27. Rb1 Rdb8 28. Rcb2 Qd7 29. Qc2 a6 30. Qc3 h5 31. Qc2 h4 32. Kg2 Qd8 33. Qd2 Qg5 34. Qd1 Kg7 35. c5 b5 36. axb5 axb5 37. d5 cxd5 38. Qxd5 hxg3 39. Qe5+ Qf6 40. Qxf6+ Kxf6 41. hxg3 1/2-1/2